| 000 | 00816cam a2200253 a 4500 | ||
|---|---|---|---|
| 001 | 000010063 | ||
| 005 | 20200929161826.0 | ||
| 008 | 930601s1990 sp 000 p spa d | ||
| 020 | _a8475222625 | ||
| 040 |
_aDO-SdBNP _cNSbSU _dTxU _dDLC |
||
| 082 |
_a861.64 _bG166ó |
||
| 100 | 1 |
_aGallego, Vicente, _d1963- _925040 |
|
| 245 | 1 | 4 |
_aLos ojos del extraño : _b(1986-1990) / _cVicente Gallego. |
| 260 |
_aMadrid : _bVisor, _c1990. |
||
| 300 |
_a98 p. ; _c20 cm. |
||
| 490 | 1 |
_aVisor de poesía _v262 |
|
| 586 | _a"Premio Internacional de Poesía Fundación Loewe a la Joven Creación (III edición)." | ||
| 650 | 4 |
_aPoesía española _9631 |
|
| 650 | 4 |
_aLiteratura española _ySIGLO XX _93326 |
|
| 830 | 0 |
_aVisor de poesía ; _v262 _913366 |
|
| 910 | _aCatalogación por copia / LC | ||
| 910 | _aWM | ||
| 049 | _aBNGR | ||
| 999 |
_c9822 _d9822 |
||